Osnovy obščej psichologii. Tom 1 /

Saved in:
Bibliographic Details
Main Author: Rubinštejn, Sergej Leonidovič (Author)
Format: Book
Language:Russian
Published: Moskva : Pedagogika, 1989
Edition:1. izd.
Subjects:
ISBN: 5715501792 (viaz.)
5715501121 (viaz.)
Physical Description: 485 s.
Tags: Add Tag
No Tags, Be the first to tag this record!

MARC

LEADER 00000nam a2200000 a 4500
001 000265708
005 20060809130522.0
008 060809s1989 ru e 000 0 ruso
020 |a 5715501792 (viaz.) 
020 |a 5715501121 (viaz.) 
040 |a SVKKK  |b slo  |c SVKKK  |e AACR2 
041 0 |a rus 
044 |a ru  |c RU 
100 1 |a Rubinštejn, Sergej Leonidovič  |4 aut 
245 1 0 |a Osnovy obščej psichologii.  |n Tom 1 /  |c Sergej Leonidovič Rubinštejn 
250 |a 1. izd. 
260 |a Moskva :  |b Pedagogika,  |c 1989 
300 |a 485 s. 
655 7 |a príručky  |2 SVKKKPH 
919 |a 5-7155-0179-2 
919 |a 5-7155-0112-1 
998 |a BK 
090 |g SCKHL  |k Sklad Pribinova 2. posch.  |a III.153489  |j 801157  |i B60076  |4 Zastaraná  |s Vyradená